Spanish players in Premier League - Statistics

General Stats
  • This quiz has been taken 180 times
    148 since last reset
  • The average score is 10 of 26
Answer Stats
Club Player % Correct
Manchester City FC David Silva
82%
Manchester United FC Juan Mata
81%
Chelsea FC Cesc Fabregas
78%
Manchester United FC David De Gea
66%
Chelsea FC César Azpilicueta
64%
Arsenal FC Santi Cazorla
64%
Arsenal FC Hector Bellerin
58%
Arsenal FC Nacho Monreal
58%
Liverpool FC Alberto Moreno
52%
Arsenal FC Mikel Arteta
52%
Chelsea FC Diego Costa
51%
Manchester City FC Jesus Navas
50%
Manchester United FC Ander Herrera
49%
Stoke City FC Bojan Krkic
36%
West Ham United FC Adrian
28%
Newcastle United Ayoze Perez
24%
Liverpool FC José Enrique
23%
Swansea City AFC Angel Rangel
19%
Stoke City FC Marc Muniesa
17%
Sunderland AFC Jordi Gomez
16%
Everton FC Joel Robles
15%
Manchester United FC Victor Valdes
15%
Swansea City AFC Jordi Amat
14%
Aston Villa FC Carles Gil
12%
Manchester City FC José Pozo
5%
Liverpool FC Javier Gaitan
2%
No matching quizzes found
Score Distribution
Percent of People with Each Score
Percentile by Number Answered
Your Score History
You have not taken this quiz since the last reset